Recursos Humanos Champions: cómo pueden los recursos humanos cobrar valor y producir resultados

Na minha lista:
Detalhes bibliográficos
Autor principal: Ulrich, Dave (Autor)
Formato: Livro
Idioma:espanhol
Publicado em: Buenos Aires Granica 2016
Edição:1a. ed
coleção:Management
Assuntos:
Tags: Adicionar Tag
Sem tags, seja o primeiro a adicionar uma tag!

MARC

LEADER 00000cam a2200000 a 4500
001 UCC1229
003 CL-VaPUC
008 171013e20160000ag |||||||||||||||||spa|d
020 |a 9789506412449 
082 0 4 |a 658.3  |b ULR  |2 21 
100 0 |a Ulrich, Dave  |e author  |9 595273 
245 1 0 |a Recursos Humanos Champions: cómo pueden los recursos humanos cobrar valor y producir resultados 
250 |a 1a. ed 
300 |a 439 p 
942 |c BK 
945 |d 20171013 12:11:00  |a dcastane 
260 |a Buenos Aires  |b Granica  |c 2016 
650 0 |a Recursos humanos   |9 228420 
650 0 |a Administración del personal  |9 260442 
650 0 |a Gestión administrativa  |9 375217 
650 0 |a Desarrollo organizacional  |9 356124 
583 |a last modification  |c 20171013 12:11:00  |k Rodrigo Vera 
490 0 |a Management 
999 |c 369791  |d 369789 
952 |0 0  |1 0  |3 erb  |4 0  |6 658_300000000000000_ULR_2016  |7 0  |8 A  |9 485915  |a BIBGIM  |b BIBGIM  |i 5429188  |o 658.3 ULR 2016  |p 5429188  |r 2025-01-15  |w 2019-11-24  |y BK  |z Catalogado en:20171013  |k COM 
952 |0 0  |1 0  |3 erb  |4 0  |6 658_300000000000000_ULR_2016  |7 0  |8 A  |9 485916  |a BIBGIM  |b BIBGIM  |i 542917K  |o 658.3 ULR 2016  |p 542917K  |r 2025-01-15  |w 2019-11-24  |y BK  |z Catalogado en:20171013  |k COM 
952 |0 0  |1 0  |3 erb  |4 0  |6 658_300000000000000_ULR_2016  |7 0  |8 A  |9 485917  |a BIBGIM  |b BIBGIM  |i 5429161  |o 658.3 ULR 2016  |p 5429161  |r 2025-01-15  |w 2019-11-24  |y BK  |z Catalogado en:20171013  |k COM 
952 |0 0  |1 0  |3 erb  |4 0  |6 658_300000000000000_ULR_2016  |7 0  |8 A  |9 485918  |a BIBGIM  |b BIBGIM  |i 5429153  |o 658.3 ULR 2016  |p 5429153  |r 2025-01-15  |w 2019-11-24  |y BK  |z Catalogado en:20171013  |k COM